Separát štatistickej ročenky školstva SR 2002 súhrnné tabuľky

Salvato in:
Dettagli Bibliografici
Natura: Libro
Lingua:slovacco
Pubblicazione: Bratislava Ústav informácií a prognóz školstva 2003
Soggetti:
Tags: Aggiungi Tag
Nessun Tag, puoi essere il primo ad aggiungerne!!

MARC

LEADER 00000nam$a2200000$$$4500
001 0024868
005 20251212073005.8
041 0 |a slo 
044 |a SK 
245 1 0 |a Separát štatistickej ročenky školstva SR 2002  |b súhrnné tabuľky 
264 1 |a Bratislava  |b Ústav informácií a prognóz školstva  |c 2003 
300 |a 44 s. 
610 2 0 |a Slovensko 
610 2 0 |a školstvo 
610 2 0 |a vzdelávanie